Canzoni di Kid Yugi - Statistics

Statistiche generali
  • Questo quiz è stato fatto 218 volte
  • Il punteggio medio è 31 su 42
Statistiche sulle risposte
Album Anno Feat Risposta % Corretto
I Nomi del Diavolo 2024 Tedua, Junior K Eva
92%
The Globe 2022 - Il Filmografo
90%
I Nomi del Diavolo 2024 Simba La Rue Denaro
88%
I Nomi del Diavolo 2024 Sfera Ebbasta Ex Angelo
86%
Tutti i Nomi Del Diavolo 2024 - Ex Angelo - Original Version
86%
The Globe 2022 - Kabuki
86%
I Nomi del Diavolo 2024 Geolier Terr1
86%
The Globe 2022 Artie 5ive, Tony Boy DEM
85%
I Nomi del Diavolo 2024 - Lilith
85%
Quarto di Bue 2023 Night Skinny, Artie 5ive Porto il Commerciale
85%
I Nomi del Diavolo 2024 Tony Boy, Artie 5ive Capra a tre Teste
84%
Quarto di Bue 2023 Night Skinny, Tony Boy Sintetico
83%
I Nomi del Diavolo 2024 Ernia Nemico
82%
I Nomi del Diavolo 2024 Fido Guido Ilva
81%
Quarto di Bue 2023 Night Skinny Quarto di Bue
81%
Tutti i Nomi Del Diavolo 2024 Massimo Pericolo 6SEI6
79%
The Globe 2022 - Hybris
79%
The Globe 2022 - Il Ferro di Cechov
78%
I Nomi del Diavolo 2024 - Lucifero
78%
I Nomi del Diavolo 2024 Papa V, Noyz Narcos Servizio
77%
Tutti i Nomi Del Diavolo 2024 Glocky Diablo
75%
Tutti i Nomi Del Diavolo 2024 - Loki
74%
Tutti i Nomi Del Diavolo 2024 - Donna
73%
Quarto di Bue 2023 Night Skinny Massafghanistan
73%
I Nomi del Diavolo 2024 - Il Signore delle Mosche
71%
The Globe 2022 - Paradise Now
71%
The Globe 2022 - GRAMMELOT
70%
I Nomi del Diavolo 2024 - L'Anticristo
70%
Quarto di Bue 2023 Night Skinny, Guè Steppers
70%
Tutti i Nomi Del Diavolo 2024 - S.X.S.I.C.
69%
The Globe 2022 Sosa Priority King Lear
68%
The Globe 2022 - Sturm und drang
67%
Quarto di Bue 2023 Night Skinny Ce Je
66%
The Globe 2022 - Yung 3p 3
66%
The Globe 2022 Kira Back n' Forth
65%
Quarto di Bue 2023 Night Skinny, Astro Lo Faccio per Me
65%
I Nomi del Diavolo 2024 - Paganini
64%
I Nomi del Diavolo 2024 - Yung 3p 4
64%
The Globe 2022 - No Gimmick
61%
- 2023 - Minaccia
59%
Tutti i Nomi Del Diavolo 2024 - Modalità Demonio
56%
- 2024 - 64 BARRE DA CENSURA (Red Bull 64 Bars)
47%
Nessun quiz corrispondente trovato
Distribuzione punteggi
Percentuale di utenti per punteggio
Percentile per numero di risposta
I tuoi punteggi nel tempo
Non hai fatto questo quiz